00655nam a2200157 i 4500001000700000003000900007005001700016007000300033008004100036100002300077245025000100260003700350300003300387651004500420852003200465116589ES-MaACL20230906190731.0t|061121s1930 sp r ||||1| spa d1 aOtero, Santiago S.10aEn el corazón del Rif b: impresiones del viaje efectuado a la zona del protectorado español y plazas de soberanía en Marruecos, por la Asociación Internacional de la Prensa de Tánger, el mes de noviembre de 1930 / cSantiago S. Otero. aCeuta : bRevista frica, c1930. a216 p., 25 lám. ; c23 cm. 4aRif (Marruecos, Macizo)-xDescripción. aES-MaACLjC-11297 bR.38863